| 000 -LEADER |
| fixed length control field |
00840nam a2200229Ia 4500 |
| 001 - CONTROL NUMBER |
| control field |
3311 |
| 003 - CONTROL NUMBER IDENTIFIER |
| control field |
GE_BSU |
| 008 - FIXED-LENGTH DATA ELEMENTS--GENERAL INFORMATION |
| fixed length control field |
181216s||||||||xx |||||||||||||| ||und|| |
| 040 ## - CATALOGING SOURCE |
| Transcribing agency |
GE_BSU |
| 080 ## - UNIVERSAL DECIMAL CLASSIFICATION NUMBER |
| Universal Decimal Classification number |
514.01(075.8) |
| 100 ## - MAIN ENTRY--PERSONAL NAME |
| Personal name |
Бахвалов,С.В. Иваницкая,В.П. |
| 245 ## - TITLE STATEMENT |
| Title |
Основания геометрии.Ч.1.Аксиоматическое изложение геометрии Евклида. |
| 245 ## - TITLE STATEMENT |
| Remainder of title |
Учебное пособие для вузов. |
| 245 ## - TITLE STATEMENT |
| Statement of responsibility, etc. |
Ред.А.И.Селиверстова. |
| 260 ## - PUBLICATION, DISTRIBUTION, ETC. |
| Place of publication, distribution, etc. |
Москва |
| 260 ## - PUBLICATION, DISTRIBUTION, ETC. |
| Name of publisher, distributor, etc. |
Высшая школа. |
| 260 ## - PUBLICATION, DISTRIBUTION, ETC. |
| Date of publication, distribution, etc. |
1972. |
| 300 ## - PHYSICAL DESCRIPTION |
| Extent |
280стр. 20см. с илл. |
| 653 ## - INDEX TERM--UNCONTROLLED |
| Uncontrolled term |
Аксиоматическое изложение геометрии Евклида. |
| 653 ## - INDEX TERM--UNCONTROLLED |
| Uncontrolled term |
Основания геометрии. |
| 942 ## - ADDED ENTRY ELEMENTS (KOHA) |
| Koha item type |
წიგნი |